Normal view
MARC view
- A Friendly Introduction to Numerical Analysis
Entry Uniform Title
001 - CONTROL NUMBER
- control field: 12631
003 - CONTROL NUMBER IDENTIFIER
- control field: NUST
005 - DATE AND TIME OF LATEST TRANSACTION
- control field: 20181129102135.0
008 - FIXED-LENGTH DATA ELEMENTS
- fixed length control field: 181129|| aca||aabn | a|a d
040 ## - CATALOGING SOURCE
- Original cataloging agency: NUST
- Transcribing agency: NUST
130 ## - HEADING--UNIFORM TITLE
- Uniform title: A Friendly Introduction to Numerical Analysis
670 ## - SOURCE DATA FOUND
- Source citation: Work cat.: (NUST): Braian Bradie 12630, A Friendly Introduction to Numerical Analysis , 2007
